banner-ar

الناس والسراطين : رواية برازيلية / (Record no. 39942)

MARC details
000 -الفاتح
حقل البيانات ثابتة الطول 00658nam a2200193Ia 4500
008 - عناصر البيانات ثابتة الطول - معلومات عامة
حقل البيانات ثابتة الطول 140319s9999 xx 000 0 ara d
040 ## - مصدر الفهرسة
وكالة الفهرسة الأصلية GCL /
وكالة النسخ GCL
082 04 - رقم تصنيف ديوى العشرى
رقم التصنيف 869.03
رقم المادة د ن
100 1# - المدخل الرئيسى - إسم شخصى
الإسم الشخصى دى كاسترو، جوزوية
245 10 - بيان العنوان
العنوان الناس والسراطين : رواية برازيلية /
بيان المسئوليه,etc دى كاسترو، جوزوية
700 1# - المدخل الاضافى - اسم شخصى
الإسم الشخصى نزية الحكيم
300 ## - الوصف المادى
التعداد 146 ص
490 ## - بيان السلسلة
عنوان السلسلة من ادب امريكا اللاتينية
رقم المجلد/ التعيين التسلسلي 0
650 04 - المدخل الاضافى بالموضوع-مصطلح موضوعى
مصطلح موضوعي الادب العالمى المترجم
650 04 - المدخل الاضافى بالموضوع-مصطلح موضوعى
مصطلح موضوعي القصص البرازيلية
650 04 - المدخل الاضافى بالموضوع-مصطلح موضوعى
مصطلح موضوعي الادب البرازيلى المترجم
942 ## - عناصر المدخل الإضافي( كوها)
مصدر التصنيف او مخطط الترفيف Dewey Decimal Classification
Koha [default] item type كتاب
Holdings
حالة التراجع حالة الفقد حالة تلف ليس للاعارة المكان المؤقت الموقع الحالى تاريخ الاكتساب اجمالي اﻻعارات رقم الطلب الباركود تاريخ اخر مشاهدة تاريخ تفعيل السعر نوع وعاء كوها
        مكتبة القاهرة الكبرى مكتبة القاهرة الكبرى 03/26/2014   869.03\د ن 97268 03/26/2014 03/26/2014 كتاب

Powered By

EGPV